000 00598nam a2200217Ia 4500
005 20241129120109.0
008 241129s9999||||xx |||||||||||||| ||und||
020 _a9789381513187
037 _aTB
040 _aSDCL
_beng
_cSDCL
041 _ahin
_2hin
084 _aV2'L, R1.1
_qSDCL
100 _aBadayuni Abdul Qadir
_9729124
245 0 _aMuntakhib-ut-tawarikh: Tareekhe Badayuni (Vol.1)
260 _aNew Delhi
_bNew Delhi Segment Books
_c2021
300 _axvi,339p.
365 _aINR
_b1295
650 _aHistory
942 _cTB
_hV2'L, R1.1
999 _c1233325
_d1233325